| 000 | 01069nam a2200277 i 4500 | ||
|---|---|---|---|
| 001 | 105368 | ||
| 003 | ES-MaACL | ||
| 005 | 20231205191409.0 | ||
| 007 | t| | ||
| 008 | 060629s1970 sp ||||1| spa d | ||
| 080 | _a75 Durán, Marta (083.82) | ||
| 100 | 1 |
_aDurán, Marta. _946196 |
|
| 245 | 1 | 0 |
_aMarta Durán _b: [exposición, Sala del Prado del Ateneo de Madrid, abril de 1970] / _c[texto: José Camón Aznar]. |
| 260 |
_a[Madrid] : _bPublicaciones Españolas, _c[1970] |
||
| 300 |
_a[8] p. : _bil. ; _c23 cm. |
||
| 490 | 1 |
_aCuadernos de arte. Serie divulgación ; _v136 |
|
| 600 | 1 | 4 |
_aDurán, Marta- _vExposiciones. _946197 |
| 610 | 2 | 7 |
_aAteneo de Madrid- _vExposiciones- _y1970-1979. _91921 |
| 655 | 7 |
_2tgfbne _9193628 _aCatálogos de exposiciones |
|
| 700 | 1 |
_aCamón Aznar, José, _d1898-1979 _934095 |
|
| 710 | 2 |
_aAteneo de Madrid. _bSala del Prado. _91965 |
|
| 830 | 0 |
_aCuadernos de arte. Serie divulgación ; _v136 _9184876 |
|
| 852 |
_aES-MaACL _j2205-F-54 _9109311 _bR.137797 _cDEPOF |
||
| 942 |
_2udc _cFOLLETOS |
||
| 999 |
_c105368 _d105368 |
||